Statistiques concernant Villes Italiennes par Blasons

Cliquez ici pour prendre le quiz!

Statistiques générales

  • Ce quiz a été pris 177 fois
  • Le résultat moyen est 8 sur 20

Statistiques - réponses

Réponse% Correct
Rome
97%
Turin
84%
Milan
78%
Florence
76%
Venise
68%
Gênes
51%
Naples
51%
Palerme
36%
Bologne
30%
Bari
27%
Parme
26%
Vérone
26%
Catane
24%
Cagliari
21%
Pise
18%
Trieste
14%
Messine
12%
Padoue
8%
Pescara
7%
Bergame
5%

Distribution des résultats

Percentile par nombre de réponses

% des personnes avec chaque résultat

Votre développement - résultats

Vous n’avez pas pris ce quiz